| 000 | 00571nam a2200121Ia 4500 | ||
|---|---|---|---|
| 008 | 171212s9999 xx 000 0 und d | ||
| 020 | _a9780833085863 | ||
| 100 | _aGalvan, David A.;Hemenway, Brett;Welser, William IV;Baiocchi, Dave | ||
| 245 |
_cGalvan, David A.;Hemenway, Brett;Welser, William IV;Baiocchi, Dave _aSatellite Anomalies _bBenefits of a Centralized Anomaly Database and Methods for Securely Sharing Information Among Satellite Operators |
||
| 260 |
_bRAND Corporation _c2014 |
||
| 650 | _aBusiness | ||
| 856 | _uhttp://www.jstor.org/stable/10.7249/j.ctt14bs1m1 | ||
| 999 |
_c352513 _d352513 |
||